000 00761nam a2200217 a 4500
001 000024163
005 20200930022754.0
008 100901s1975 xxuac r 000 e spa d
040 _aDO-SdBNP
_bspa
_cBNPHU
082 _a814
_bM434b
100 1 _aMatson, T. B.
_944281
245 1 1 _a¿Bueno o malo? /
_cT. B. Matson , William M. Pinson , traducción Rubén Zorzoli , Alicia de Zorzoli.
250 _aed. rev.
260 _aTexas, (Estados Unidos) :
_bCasa Bautista de Publicaciones,
_c1975.
300 _a160 p. :
_bil., retrs. ;
_c19 cm.
650 4 _aEnsayos estadounidenses
_99895
650 4 _aLiteratura estadounidense
_9263
700 1 _aPinson, William M.
_949618
700 1 _aZorzoli, Rubén,
_etr.
_949612
700 1 _aZorzoli, Alicia de,
_etr.
_949619
999 _c23657
_d23657